000
00312nam a22001217a 4500
008
251008b |||||||| |||| 00| 0 eng d
040
_a
05
100
_a
Reddy.G.Lokanadha
245
_a
Educational Management Supervision and School Organization
260
_a
New Delhi
_b
Neelkamal
300
_a
208
942
_c
01
999
_c
66486
_d
66486